Maverick Theme Song Quiz Stats

 Plays Quiz not verified by Sporcle

Score 0/83 Timer 05:00
0 Plays Today
Hint Answer % Correct
the
95.9%
the
95.9%
the
95.9%
the
95.9%
the
95.9%
the
95.9%
the
95.9%
the
95.9%
the
95.9%
the
95.9%
Maverick
93.9%
Maverick
93.9%
Maverick
93.9%
is
91.8%
is
91.8%
is
91.8%
is
91.8%
is
91.8%
is
91.8%
is
91.8%
a
89.8%
a
89.8%
of
83.7%
his
81.6%
his
81.6%
on
81.6%
on
81.6%
Who
79.6%
Hint Answer % Correct
name.
79.6%
who
79.6%
name.
79.6%
he
79.6%
and
77.6%
West.
75.5%
game.
71.4%
jacks
67.3%
queens,
67.3%
legend
67.3%
tall
63.3%
dark
63.3%
Luck
63.3%
gamblin'
63.3%
Luck
63.3%
that
63.3%
Livin'
63.3%
stranger
61.2%
lady
61.2%
to
59.2%
to
59.2%
your
59.2%
to
59.2%
there?
57.1%
companion,
57.1%
well
57.1%
Annabel
57.1%
best.
57.1%
Hint Answer % Correct
New
57.1%
Orleans,
57.1%
Riverboat
55.1%
ring
55.1%
bell,
55.1%
loves
53.1%
where
51%
knows
49%
in
49%
Fare
49%
thee
46.9%
gun,
44.9%
Ridin'
40.8%
as
36.7%
as
36.7%
wind
34.7%
Smooth
30.6%
Oregon,
30.6%
up
30.6%
canyon,
30.6%
Natchez
30.6%
handle
28.6%
Wild
28.6%
blowin'
28.6%
trail
26.5%
Easier
26.5%
tame.
26.5%

You're not logged in!

Compare scores with friends on all Sporcle quizzes.
OR
Log In

Sporcle TV

Today on Sporcle TV


Watch our educational content, quiz creation guides, and fun videos on Sporcle TV.

Show Comments

Extras

Top Quizzes Today


Score Distribution

Your Account Isn't Verified!

In order to create a playlist on Sporcle, you need to verify the email address you used during registration. Go to your Sporcle Settings to finish the process.

Report this User

Report this user for behavior that violates our Community Guidelines.

Details: